Off to the Races - Lyrics (Part 2) - Statistics

General Stats
  • This quiz has been taken 14 times
  • The average score is 202 of 223
Answer Stats
Answer % Correct
a
100%
afraid
100%
and
100%
And
100%
breathe
100%
but
100%
But
100%
Casino
100%
die
100%
do
100%
down
100%
Down
100%
else
100%
going
100%
gonna
100%
he
100%
him
100%
I
100%
I'd
100%
if
100%
I'm
100%
in
100%
is
100%
it
100%
Las
100%
Leather
100%
leave
100%
man
100%
man"
100%
may
100%
me
100%
my
100%
My
100%
need
100%
never
100%
not
100%
Oasis
100%
of
100%
off
100%
old
100%
on
100%
put
100%
races
100%
Ready
100%
say
100%
set
100%
Take
100%
that
100%
That
100%
the
100%
this
100%
time
100%
to
100%
To
100%
up
100%
Vegas
100%
way
100%
when
100%
Who
100%
with
100%
without
100%
would
100%
Yo
100%
you
100%
You
100%
am
83%
are
83%
baby
83%
beautiful
83%
bout
83%
can
83%
chain
83%
Coney
83%
crazy
83%
day
83%
decision
83%
end
83%
face
83%
forever
83%
from
83%
gate
83%
gold
83%
hanging
83%
"Hon'
83%
Honey
83%
Island
83%
lips
83%
little
83%
looked
83%
Lord
83%
Love
83%
love
83%
lying
83%
maybe
83%
misbehaving
83%
one
83%
over
83%
pray
83%
Queen
83%
said
83%
see
83%
shameless
83%
so
83%
sorry
83%
Sorry
83%
starlet
83%
stay
83%
They
83%
thief
83%
Tight
83%
til
83%
true
83%
trust
83%
us
83%
waist
83%
was
83%
watch
83%
we're
83%
your
83%
You're
83%
you're
83%
all
67%
alone
67%
basement
67%
Cigar
67%
falling
67%
God
67%
harlot
67%
now
67%
places
67%
rue
67%
spin
67%
town
67%
as
50%
chaos
50%
laces
50%
Boy
33%
hell
33%
Raising
33%
Cipriani's
17%
No matching quizzes found
Score Distribution
Percent of People with Each Score
Percentile by Number Answered
Your Score History
You have not taken this quiz